[Event "46th GRE-chT Premier 2018"]
[Site "Rio Achaia"]
[Date "2018.07.10"]
[Round "1"]
[White "Almasi, Zoltan"]
[Black "Nedev, Trajko"]
[Result "1-0"]
[WhiteElo "2699"]
[BlackElo "2490"]
[Annotator "TA"]
[PlyCount "93"]
[EventDate "2018.07.10"]
[EventType "team-tourn"]
[EventCountry "GRE"]
[SourceTitle "playchess.com"]
[Source "ChessBase"]
[SourceQuality "1"]

{[%evp 20,93,-1,-14,0,0,0,4,5,0,16,25,36,12,12,17,13,0,18,21,29,13,32,31,32,21,33,33,70,73,90,67,90,91,83,60,185,165,204,119,105,110,115,120,109,129,385,389,350,380,362,420,381,395,372,297,535,385,496,492,481,470,666,669,677,670,662,657,499,333,876,799,860,860,1036,996]} 1. Nf3 Nf6 2. c4 g6 3. b3 Bg7 4. Bb2 c5 5. g3 d6 6. Bg2 e5 7. d3 O-O 8. O-O Nc6 9. Nc3 Rb8 10. a3 {A38: Englische Eröffnung (Symmetrische Variante)} a6 11. Nd2 {LiveBook: 5 Partien} Be6 12. Nd5 {Die Stellung ist ausgeglichen.} Ne7 $146 {[%cal Rf6d5]} ({Vorgänger:} 12... Nh5 13. b4 b5 14. cxb5 axb5 15. Rc1 Ne7 16. e4 cxb4 17. Nxb4 Rc8 18. Rxc8 Qxc8 {½-½ (35) Malakhov,V (2691)-Ivanisevic,I (2593) Germany 2018}) 13. Nxf6+ Bxf6 14. b4 b5 15. Ne4 Bg7 16. cxb5 Rxb5 17. Qa4 cxb4 18. axb4 Nd5 19. Qxa6 Rb6 20. Qa5 Nxb4 21. Bc3 Nc6 22. Qa3 Rb3 23. Qa4 Qb6 {...d5 ist eine echte Drohung.} 24. Rfc1 d5 {[#]} 25. Nc5 $1 {[%mdl 512]} Rb5 (25... Qxc5 26. Qxb3) 26. Nxe6 fxe6 27. e3 {[%cal Be2e3,Be3e4,Be4f5][%mdl 32]} Rc5 {[#]} (27... Rb8 $14) 28. Bh3 $1 $18 {Schwarz muss nun Tab1 beachten.} Kf7 29. Rab1 (29. Qg4 $6 Re8 $16) ({Günstiger ist} 29. Rcb1 $18 Qc7 30. Qa3 (30. Qg4 Re8 $16)) 29... Qc7 $16 30. Bd2 Rxc1+ 31. Rxc1 Rc8 32. e4 $40 {[%mdl 128] Weiss will per K.O. gewinnen.} d4 $2 {[%mdl 8192]} (32... dxe4 $16 {war einen Versuch wert.} 33. Bg2 (33. Qxe4 Qd7 $16) (33. dxe4 Qb7 $16) 33... Qa7 34. Qxe4 Ne7 35. Qf3+ Ke8 36. Rxc8+ Nxc8 37. Qc6+ Qd7) 33. f4 $18 exf4 34. gxf4 (34. Bxf4 Qd7 $18) 34... Qd7 {[#]} 35. f5 $1 {[%mdl 512]} exf5 36. exf5 Kg8 37. Rc5 Bf8 $2 (37... Be5 {war nötig.} 38. Bg2 Qxf5) 38. Rc2 Rc7 39. Qc4+ Kh8 40. Bf4 Bd6 (40... Rc8 $142 41. Qb5 Bg7) 41. Bxd6 Qxd6 42. Qe6 Qf4 43. f6 {[%cal Re6e8]} (43. Rxc6 Rxc6 44. Qxc6 Qe3+ 45. Kh1 (45. Kg2 Qe2+ 46. Kg1 Qe3+ 47. Kh1 Qe1+ 48. Kg2 Qe2+ 49. Kg1 Qe3+ $18) 45... Qe1+ 46. Kg2 Qe2+ 47. Kg1 Qe3+ 48. Kg2 Qd2+ 49. Kg1 Qe3+ $18) 43... h5 44. Bg2 {zielt auf De8+ ab.} ({Schlechter ist} 44. Rxc6 Rxc6 45. Qxc6 Qe3+ 46. Kg2 Qd2+ 47. Kg3 Qe1+ 48. Kf3 Qe3+ 49. Kg2 Qd2+ 50. Kg1 Qe3+ 51. Kg2 $11) 44... Ra7 $2 (44... Ne5 45. Qe8+ (45. Rxc7 Qe3+ 46. Kf1 Qxd3+ 47. Ke1 Qe3+ 48. Kd1 Qd3+ 49. Kc1 Qe3+ 50. Kb1 Qe1+ 51. Kc2 Qe2+ 52. Kb3 Qb5+ 53. Kc2 Qe2+ 54. Kb1 Qe1+ 55. Ka2 Qa5+ 56. Kb3 Qb5+ 57. Ka2 Qa5+ 58. Kb2 Qxc7 $18) 45... Kh7 46. Rxc7+ Kh6) 45. Rf2 {Weiß steht klar auf Gewinn.} ({Lieber nicht} 45. Qc8+ Kh7 $11) 45... Ra1+ 46. Bf1 Qg5+ {[#]} 47. Kh1 $1 {Precision: Weiß = 79%, Schwarz = 23%.} 1-0

[Event "46th GRE-chT Premier 2018"]
[Site "Rio Achaia"]
[Date "2018.07.10"]
[Round "1"]
[White "Yilmaz, Mustafa"]
[Black "Macieja, Bartlomiej"]
[Result "1/2-1/2"]
[WhiteElo "2624"]
[BlackElo "2525"]
[Annotator "ChessBase"]
[PlyCount "70"]
[EventDate "2018.07.10"]
[EventType "team-tourn"]
[EventCountry "GRE"]
[SourceTitle "playchess.com"]
[Source "ChessBase"]
[SourceQuality "1"]
[TimeControl "40/5400+30:1800+30"]

1. d4 {[%emt 0:00:00]} Nf6 {[%emt 0:00:00]} 2. c4 {[%emt 0:00:00]} e6 {[%emt 0:00:00]} 3. Nf3 {[%emt 0:00:00]} d5 {[%emt 0:00:00]} 4. Nc3 {[%emt 0:00:00]} dxc4 {[%emt 0:00:00]} 5. e4 {[%emt 0:00:17]} Bb4 {[%emt 0:00:00]} 6. Bxc4 {[%emt 0:00:18]} Nxe4 {[%emt 0:00:00]} 7. O-O {[%emt 0:00:14]} Nxc3 {[%emt 0:00:00]} 8. bxc3 {[%emt 0:00:06]} Be7 {[%emt 0:00:00]} 9. Ne5 {[%emt 0:00:58]} O-O {[%emt 0:00:00]} 10. Qg4 {[%emt 0:00:05]} Nc6 {[%emt 0:00:00]} 11. Re1 {[%emt 0:00:04]} f5 {[%emt 0:00:00]} 12. Qf3 {[%emt 0:00:10]} Nxe5 {[%emt 0:00:02]} 13. Rxe5 {[%emt 0:00:06]} Kh8 {[%emt 0:00:05]} 14. Bf4 {[%emt 0:00:12]} Bd6 {[%emt 0:00:03]} 15. Re3 {[%emt 0:00:05]} Bxf4 {[%emt 0:01:59]} 16. Qxf4 {[%emt 0:00:54]} Qd6 {[%emt 0:01:24]} 17. Qxd6 {[%emt 0:00:05]} cxd6 {[%emt 0:00:03]} 18. Bxe6 {[%emt 0:00:09]} f4 {[%emt 0:19:23]} 19. Ree1 {[%emt 0:00:13]} Bxe6 {[%emt 0:13:19]} 20. Rxe6 {[%emt 0:00:07]} Rac8 {[%emt 0:00:04]} 21. Rxd6 {[%emt 0:00:10]} Rxc3 {[%emt 0:00:02]} 22. Rd7 {[%emt 0:00:13]} f3 {[%emt 0:22:30]} 23. Rxb7 {[%emt 0:31:53]} fxg2 {[%emt 0:11:39]} 24. Rab1 {[%emt 0:11:08]} Rd3 {[%emt 0:14:46]} 25. R1b3 {[%emt 0:27:11]} Rxd4 {[%emt 0:04:48]} 26. Rxa7 {[%emt 0:07:09]} h6 {[%emt 0:03:26]} 27. Kxg2 {[%emt 0:02:52]} Rdf4 {[%emt 0:01:14]} 28. f3 {[%emt 0:00:42]} R8f6 {[%emt 0:00:43]} 29. Re7 {[%emt 0:10:33]} Rg6+ {[%emt 0:01:09]} 30. Kf1 {[%emt 0:00:01]} Rc4 {[%emt 0:01:05]} 31. Rbe3 {[%emt 0:05:12]} Ra6 {[%emt 0:02:43]} 32. Re2 {[%emt 0:01:19]} Rc1+ {[%emt 0:01:21]} 33. Kf2 {[%emt 0:00:33]} Ra1 {[%emt 0:00:05]} 34. Rd7 {[%emt 0:00:27]} R1xa2 {[%emt 0:00:06]} 35. Rxa2 {[%emt 0:00:05]} Rxa2+ 1/2-1/2

[Event "46th GRE-chT Premier 2018"]
[Site "Rio Achaia"]
[Date "2018.07.10"]
[Round "1"]
[White "Erdos, Viktor"]
[Black "Lupulescu, Constantin"]
[Result "1/2-1/2"]
[WhiteElo "2619"]
[BlackElo "2617"]
[Annotator "ChessBase"]
[PlyCount "69"]
[EventDate "2018.07.10"]
[EventType "team-tourn"]
[EventCountry "GRE"]
[SourceTitle "playchess.com"]
[Source "ChessBase"]
[SourceQuality "1"]
[TimeControl "40/5400+30:1800+30"]

1. d4 {[%emt 0:00:00]} Nf6 {[%emt 0:00:00]} 2. c4 {[%emt 0:00:00]} e6 {[%emt 0:00:00]} 3. Nf3 {[%emt 0:00:26]} d5 {[%emt 0:00:00]} 4. Nc3 {[%emt 0:00:37]} Be7 {[%emt 0:00:00]} 5. Bg5 {[%emt 0:03:53]} h6 {[%emt 0:02:12]} 6. Bxf6 {[%emt 0:01:52]} Bxf6 {[%emt 0:00:20]} 7. e3 {[%emt 0:00:17]} O-O {[%emt 0:01:29]} 8. Rc1 {[%emt 0:00:20]} c6 {[%emt 0:00:33]} 9. Bd3 {[%emt 0:07:02]} Nd7 {[%emt 0:01:06]} 10. O-O {[%emt 0:00:42]} dxc4 {[%emt 0:00:32]} 11. Bxc4 {[%emt 0:00:08]} e5 {[%emt 0:00:18]} 12. h3 {[%emt 0:01:04]} exd4 {[%emt 0:01:42]} 13. exd4 {[%emt 0:00:09]} Nb6 {[%emt 0:00:12]} 14. Bb3 {[%emt 0:00:09]} Bf5 {[%emt 0:03:32]} 15. Re1 {[%emt 0:05:09]} Re8 {[%emt 0:02:35]} 16. Rxe8+ {[%emt 0:04:53]} Qxe8 {[%emt 0:00:07]} 17. Qd2 {[%emt 0:00:11]} Qd7 {[%emt 0:03:17]} 18. Re1 {[%emt 0:02:43]} a5 {[%emt 0:04:04]} 19. a3 {[%emt 0:05:50]} Re8 {[%emt 0:00:54]} 20. Rxe8+ {[%emt 0:03:34]} Qxe8 {[%emt 0:00:34]} 21. Qf4 {[%emt 0:01:56]} Be6 {[%emt 0:05:42]} 22. Bxe6 {[%emt 0:02:39]} Qxe6 {[%emt 0:01:47]} 23. Qc7 {[%emt 0:01:21]} Nc4 {[%emt 0:02:15]} 24. Qxb7 {[%emt 0:01:16]} Bxd4 {[%emt 0:00:51]} 25. Nxd4 {[%emt 0:03:11]} Qe1+ {[%emt 0:00:43]} 26. Kh2 {[%emt 0:00:06]} Qe5+ {[%emt 0:00:07]} 27. Kg1 {[%emt 0:01:42]} Qe1+ {[%emt 0:00:24]} 28. Kh2 {[%emt 0:00:04]} Qe5+ {[%emt 0:00:06]} 29. g3 {[%emt 0:00:04]} Qxd4 {[%emt 0:00:12]} 30. Qc8+ {[%emt 0:01:19]} Kh7 {[%emt 0:00:07]} 31. Qf5+ {[%emt 0:00:04]} Kg8 {[%emt 0:00:16]} 32. Kg2 {[%emt 0:03:17]} Nxb2 {[%emt 0:05:15]} 33. Qc8+ {[%emt 0:00:57]} Kh7 {[%emt 0:00:24]} 34. Qf5+ {[%emt 0:00:19]} Kg8 {[%emt 0:00:26]} 35. Qc8+ {[%emt 0:00:29]} 1/2-1/2

[Event "46th GRE-chT Premier 2018"]
[Site "Rio Achaia"]
[Date "2018.07.10"]
[Round "1"]
[White "Banikas, Hristos"]
[Black "Mihok, Oliver"]
[Result "1-0"]
[WhiteElo "2591"]
[BlackElo "2550"]
[Annotator "ChessBase"]
[PlyCount "119"]
[EventDate "2018.07.10"]
[EventType "team-tourn"]
[EventCountry "GRE"]
[SourceTitle "playchess.com"]
[Source "ChessBase"]
[SourceQuality "1"]
[TimeControl "40/5400+30:1800+30"]

1. d4 {[%emt 0:00:00]} Nf6 {[%emt 0:00:00]} 2. c4 {[%emt 0:00:00]} g6 {[%emt 0:00:00]} 3. Nc3 {[%emt 0:00:00]} Bg7 {[%emt 0:00:00]} 4. e4 {[%emt 0:00:03]} d6 {[%emt 0:00:05]} 5. Be2 {[%emt 0:00:19]} O-O {[%emt 0:00:32]} 6. Bg5 {[%emt 0:00:06]} c5 {[%emt 0:00:11]} 7. d5 {[%emt 0:00:06]} e6 {[%emt 0:00:22]} 8. Qd2 {[%emt 0:02:15]} exd5 {[%emt 0:00:37]} 9. exd5 {[%emt 0:00:05]} Qb6 {[%emt 0:00:29]} 10. Nf3 {[%emt 0:00:07]} Bf5 {[%emt 0:00:22]} 11. Nh4 {[%emt 0:06:09]} Ne4 {[%emt 0:00:22]} 12. Nxe4 {[%emt 0:00:06]} Bxe4 {[%emt 0:00:04]} 13. f3 {[%emt 0:01:29]} h6 {[%emt 0:00:44]} 14. Bxh6 {[%emt 0:01:31]} Bxh6 {[%emt 0:00:42]} 15. Qxh6 {[%emt 0:00:08]} Qxb2 {[%emt 0:00:23]} 16. O-O {[%emt 0:05:01]} Bc2 {[%emt 0:04:59]} 17. f4 {[%emt 0:07:05]} Nd7 {[%emt 0:07:27]} 18. f5 {[%emt 0:03:15]} Qg7 {[%emt 0:05:59]} 19. Qc1 {[%emt 0:06:18]} Qd4+ {[%emt 0:03:08]} 20. Kh1 {[%emt 0:01:50]} Qxh4 {[%emt 0:00:10]} 21. Qxc2 {[%emt 0:00:05]} Ne5 {[%emt 0:37:11]} 22. Rab1 {[%emt 0:01:21]} b6 {[%emt 0:05:02]} 23. Rb3 {[%emt 0:06:06]} Rfe8 {[%emt 0:09:38]} 24. Qc1 {[%emt 0:06:52]} Nd7 {[%emt 0:03:43]} 25. Rh3 {[%emt 0:01:21]} Qd4 {[%emt 0:01:24]} 26. f6 {[%emt 0:02:12]} Nxf6 {[%emt 0:01:29]} 27. Qh6 {[%emt 0:00:07]} Nh5 {[%emt 0:00:27]} 28. Bxh5 {[%emt 0:00:06]} Qg7 {[%emt 0:01:20]} 29. Qxg7+ {[%emt 0:02:37]} Kxg7 {[%emt 0:00:38]} 30. Bd1 {[%emt 0:00:04]} Re4 {[%emt 0:00:11]} 31. Rhf3 {[%emt 0:00:08]} f5 {[%emt 0:00:12]} 32. Rc3 {[%emt 0:00:34]} Rae8 {[%emt 0:00:34]} 33. g4 {[%emt 0:04:52]} fxg4 {[%emt 0:01:16]} 34. Rg1 {[%emt 0:00:28]} Rf8 {[%emt 0:01:30]} 35. Bxg4 {[%emt 0:03:04]} Rf2 {[%emt 0:02:01]} 36. Bd1 {[%emt 0:05:33]} Rh4 {[%emt 0:04:12]} 37. Rg2 {[%emt 0:03:48]} Rf1+ {[%emt 0:00:18]} 38. Rg1 {[%emt 0:00:05]} Rf2 {[%emt 0:00:10]} 39. h3 {[%emt 0:00:12]} Rxa2 {[%emt 0:00:13]} 40. Bc2 {[%emt 0:00:00]} Rh6 {[%emt 0:00:00]} 41. Re1 {[%emt 0:01:58]} g5 {[%emt 0:05:09]} 42. Rg1 Rh5 {[%emt 0:03:08]} 43. Bd1 {[%emt 0:02:17]} Rh4 {[%emt 0:01:36]} 44. Bg4 {[%emt 0:00:49]} Rh6 {[%emt 0:05:14]} 45. Be6 Rf6 {[%emt 0:01:46]} 46. Rxg5+ {[%emt 0:01:02]} Kh6 {[%emt 0:00:04]} 47. Rg2 {[%emt 0:00:06]} Rff2 {[%emt 0:01:34]} 48. Rxf2 {[%emt 0:00:51]} Rxf2 {[%emt 0:00:05]} 49. Ra3 {[%emt 0:00:05]} Rc2 50. Rxa7 {[%emt 0:03:43]} Rxc4 {[%emt 0:04:05]} 51. Rd7 {[%emt 0:00:04]} b5 {[%emt 0:00:24]} 52. Rxd6 {[%emt 0:00:03]} b4 {[%emt 0:00:20]} 53. Rb6 Kg5 {[%emt 0:03:58]} 54. d6 {[%emt 0:00:34]} Rd4 {[%emt 0:00:19]} 55. d7 {[%emt 0:00:52]} Kf6 {[%emt 0:00:28]} 56. Bg4+ {[%emt 0:01:24]} Ke7 {[%emt 0:00:19]} 57. Kg2 {[%emt 0:00:06]} Rxd7 {[%emt 0:02:02]} 58. Bxd7 {[%emt 0:00:06]} Kxd7 {[%emt 0:00:02]} 59. Kf2 {[%emt 0:00:37]} Kc7 {[%emt 0:00:07]} 60. Rg6 {[%emt 0:00:07] Kd6} 1-0

[Event "46th GRE-chT Premier 2018"]
[Site "Rio Achaia"]
[Date "2018.07.10"]
[Round "1"]
[White "Postny, Evgeny"]
[Black "Zysk, Robert"]
[Result "1-0"]
[WhiteElo "2585"]
[BlackElo "2421"]
[Annotator "RC"]
[PlyCount "59"]
[EventDate "2018.07.10"]
[EventType "team-tourn"]
[EventCountry "GRE"]
[SourceTitle "playchess.com"]
[Source "ChessBase"]
[SourceQuality "1"]
[TimeControl "40/5400+30:1800+30"]

1. d4 {[%emt 0:00:00]} e6 {[%emt 0:00:00]} 2. c4 {[%emt 0:00:00]} Bb4+ {[%emt 0:00:00]} 3. Bd2 {[%emt 0:00:00]} Bxd2+ {[%emt 0:00:00]} 4. Qxd2 {[%emt 0:00:00]} Nf6 {[%emt 0:00:06]} 5. Nc3 {[%emt 0:00:01]} d5 {[%emt 0:00:13]} 6. e3 {[%emt 0:00:15]} O-O {[%emt 0:01:40]} 7. Nf3 {[%emt 0:00:07]} Qe7 {[%emt 0:00:38]} 8. cxd5 {[%emt 0:00:30]} exd5 {[%emt 0:00:06]} 9. Bd3 {[%emt 0:00:03]} Nc6 {[%emt 0:08:14]} 10. h3 {[%emt 0:00:43]} Rd8 {[%emt 0:01:17]} 11. a3 {[%emt 0:00:25]} Ne4 {[%emt 0:05:46]} 12. Qc2 {[%emt 0:00:19]} Bf5 {[%emt 0:01:45]} 13. Bxe4 {[%emt 0:01:33]} dxe4 {[%emt 0:20:00]} 14. Nd2 {[%emt 0:00:21]} Re8 {[%emt 0:01:28]} 15. Ne2 {[%emt 0:07:18]} Rad8 {[%emt 0:03:53]} 16. Rc1 {[%emt 0:01:33]} Qg5 {[%emt 0:17:21]} 17. Qc5 {[%emt 0:15:26]} h6 {[%emt 0:05:44]} 18. g4 {[%emt 0:04:55]} Bg6 {[%emt 0:02:23]} 19. Qxg5 {[%emt 0:00:21]} hxg5 {[%emt 0:00:02]} 20. Rc5 {[%emt 0:01:24]} f6 {[%emt 0:00:45]} 21. h4 {[%emt 0:19:27]} gxh4 {[%emt 0:01:45]} 22. Rxh4 {[%emt 0:00:12]} Rd7 {[%emt 0:03:26]} 23. g5 {[%emt 0:06:33]} Nd8 {[%emt 0:11:44]} 24. gxf6 {[%emt 0:06:06]} gxf6 {[%emt 0:03:32]} 25. Nf4 {[%emt 0:04:58]} Bh7 {[%emt 0:06:24]} 26. Nd5 {[%emt 0:03:00]} Re6 {[%emt 0:01:13]} 27. Nxc7 {[%emt 0:04:00]} Rc6 {[%emt 0:02:40]} 28. Rxc6 {[%emt 0:06:18]} bxc6 {[%emt 0:00:08]} 29. Ne8 {[%emt 0:00:08]} Rf7 {[%emt 0:00:47]} 30. Nd6 {[%emt 0:01:00]} 1-0

[Event "46th GRE-chT Premier 2018"]
[Site "Rio Achaia"]
[Date "2018.07.10"]
[Round "1"]
[White "Mastrovasilis, Dimitrios"]
[Black "Firman, Nazar"]
[Result "1-0"]
[WhiteElo "2580"]
[BlackElo "2512"]
[Annotator "TA"]
[PlyCount "119"]
[EventDate "2018.07.10"]
[EventType "team-tourn"]
[EventCountry "GRE"]
[SourceTitle "playchess.com"]
[Source "ChessBase"]
[SourceQuality "1"]

{[%evp 14,119,0,0,6,2,3,-4,3,2,44,17,49,65,47,53,51,56,78,78,98,88,112,89,102,81,76,0,103,107,126,83,77,0,109,95,112,103,87,91,158,141,223,218,227,172,188,166,222,142,122,0,149,170,235,234,241,225,225,221,230,212,223,221,242,242,244,243,245,230,234,241,218,231,231,210,324,302,283,270,374,393,416,406,414,396,420,404,530,519,511,501,426,314,760,293,970,880,1516,1404,5585,5481,29978,29979,29980,29981,29985,29986]} 1. e4 e6 2. d4 d5 3. Nc3 Bb4 4. e5 Ne7 5. Bd2 b6 6. Nce2 Bxd2+ {C16: French: 3 Nc3 Bb4 4 e5: Lines without ...c5} 7. Qxd2 c5 (7... Ba6 8. f4 c5 9. c3 Nbc6 10. Nf3 O-O 11. g4 f6 12. Ng3 Bxf1 13. Rxf1 fxe5 14. dxe5 {1-0 (43) Navara,D (2725)-Movsesian,S (2673) Prague 2016}) 8. c3 {LiveBook: 11 Games} O-O {The position is equal.} 9. f4 Nbc6 $146 ({Predecessor:} 9... Ba6 10. Nf3 Nbc6 11. Ng3 Bxf1 12. Rxf1 f6 13. Kf2 fxe5 14. fxe5 {½-½ (24) Marjanovic,S (2505)-Psakhis,L (2555) Bor 1985}) 10. Nf3 f6 11. Ng3 Bd7 12. Bd3 a5 13. exf6 Rxf6 14. O-O cxd4 15. cxd4 Qc7 16. Rac1 Raf8 17. Ne5 Qd6 18. Ne2 Nb4 19. Ng4 R6f7 20. Ne5 Rf6 $1 {[#]} 21. Bb1 $1 Bb5 22. Ng4 R6f7 23. Ne5 (23. g3 {seems wilder.} Nbc6 24. Rfe1 Qd7 25. Qe3 Ba6 26. Nc3) 23... Rf6 24. a3 Nbc6 25. Bd3 Bxd3 26. Qxd3 $40 {[%mdl 128] White is out for blood.} Nb8 (26... Rc8 $142) 27. Rf3 $16 Rc8 (27... Qd8 $16 {keeps fighting.} 28. Qb5 Nc8) 28. Rxc8+ $18 Nxc8 29. Qc2 Ne7 30. Rc3 Nd7 (30... Qd8 {is a better defense.} 31. Rc7 Rf8) 31. Qa4 Nb8 32. Qc2 (32. Qb5 $16) 32... Rf8 (32... Nd7 $1 $11 {keeps the balance.}) 33. Rc7 $16 Nec6 (33... Nf5 $142 34. Ra7 Qd8) 34. Rxc6 $18 Nxc6 35. Qxc6 Qxc6 36. Nxc6 Kf7 37. Kf2 Rc8 38. Ne5+ Ke8 39. Nc3 b5 40. Nd3 (40. Nxb5 $6 Rc2+ 41. Kf3 Rxb2 $16) 40... Rc4 41. Nxb5 Rc2+ 42. Kf3 Rd2 43. Nc5 Rxb2 44. a4 ({But not} 44. Nxe6 $6 Rb3+ 45. Ke2 (45. Kg4 a4 $16) 45... a4) 44... Ra2 (44... Ke7 $142 45. Nc7 g6 46. N7xe6 Rb4) 45. Nc7+ (45. Nxe6 Rxa4 46. Nec7+ (46. Nxg7+ Kd7 $14) 46... Kd7 $16) 45... Kf7 46. N7xe6 h5 47. Nd8+ Kf6 48. Nc6 Ra3+ 49. Kf2 Ra2+ 50. Kg3 Ra3+ {[#]} 51. Kh4 $1 Ra2 52. Kh3 Rd2 53. g4 {[%cal Bg2g4,Bg4g5][%mdl 32]} g6 $2 (53... hxg4+ 54. Kxg4 Rg2+ 55. Kh3 Rd2) 54. Kg3 $2 (54. g5+ Kf5 55. Ne7+ Kxf4 56. Nxd5+ Kf3 57. Ne7) 54... Rd1 $2 (54... hxg4 55. Kxg4 Rg2+ 56. Kh3 Rd2) 55. g5+ Kf7 56. Ne5+ Kg7 57. Ne6+ Kh7 58. Nf8+ {White mates.} Kg7 59. Nfxg6 Rxd4 60. f5 {Precision: White = 67%, Black = 35%.} 1-0

[Event "46th GRE-chT Premier 2018"]
[Site "Rio Achaia"]
[Date "2018.07.10"]
[Round "1"]
[White "Fier, Alexandr"]
[Black "Koyias, Konstantinos"]
[Result "1/2-1/2"]
[WhiteElo "2570"]
[BlackElo "2192"]
[Annotator "TA"]
[PlyCount "77"]
[EventDate "2018.07.10"]
[EventType "team-tourn"]
[EventCountry "GRE"]
[SourceTitle "playchess.com"]
[Source "ChessBase"]
[SourceQuality "1"]

{[%evp 24,77,80,41,62,58,133,95,158,74,59,70,80,39,56,59,234,225,262,70,61,0,0,0,0,0,0,0,0,0,0,0,0,0,41,36,20,26,35,0,0,0,0,0,0,0,0,0,0,0,0,0,0,0,0,0]} 1. e4 c5 2. Nf3 e6 3. d4 cxd4 4. Nxd4 Nc6 5. Nc3 d6 6. Be3 a6 7. f4 Qc7 8. Qf3 Nf6 9. O-O-O Be7 10. g4 Nxd4 11. Rxd4 b5 {B82: Sicilian Scheveningen: 6 f4} 12. g5 Nd7 13. h4 {LiveBook: 7 Games} (13. a3 Bb7 14. h4 O-O-O 15. Bh3 Kb8 16. Rhd1 Rhe8 17. Qh5 g6 18. Qxh7 Nc5 19. R4d2 Bf8 20. Bxc5 Qxc5 21. Qxf7 Qe3 22. Bxe6 Re7 23. Qf6 a5 24. Nd5 Bxd5 25. exd5 Ka7 26. Kb1 {1-0 (26) Vavulin,M (2575)-Reshetnikov,A (2492) Moscow 2017}) 13... Rb8 {White is slightly better.} 14. a3 $146 ({Predecessor:} 14. h5 Nc5 15. f5 b4 16. Ne2 b3 17. axb3 Nxb3+ 18. Kb1 Nxd4 19. Nxd4 {1-0 (31) Valvo,M (2368)-Wilson,B (2243) Saint Paul 2000}) 14... Nc5 (14... O-O $14) 15. f5 $16 Bd7 ({Black should try} 15... Nd7) 16. f6 (16. h5 $142 $1) 16... gxf6 17. gxf6 Bf8 $1 18. Rg1 a5 {And now ...b4 would win.} 19. e5 $1 {[%cal Re5d6] Strongly threatening exd6.} dxe5 $2 {[#]} ({Black should play} 19... b4 $1 $14 20. exd6 Bxd6 21. Rxd6 (21. axb4 axb4 22. Rxd6 Qxd6 $15) 21... Qxd6 22. axb4 axb4) 20. Rxd7 $1 $18 {[%mdl 512]} Qxd7 {[#]} (20... Nxd7 21. Bxb5) 21. Bxb5 $2 (21. Be2 $1 $18) 21... Rxb5 $14 22. Rd1 {[#]} (22. Qa8+ $14 Qd8 23. Qxd8+ (23. Nxb5 Qxa8 24. Nc7+ Kd7 $15) 23... Kxd8 24. Nxb5) 22... e4 $1 $11 {[%cal Re4f3]} 23. Nxe4 {Hoping for Bxc5.} Qb7 24. Bxc5 Rxb2 ({But not} 24... Bxc5 $2 25. Qd3 $18) 25. Bb4 $1 Rxb4 26. axb4 {White wants to mate with Nd6+.} Bh6+ 27. Kb2 {Threatening mate with Nd6+.} Qxb4+ 28. Qb3 Bf4 29. Qxb4 axb4 $14 {[%mdl 4096] Endgame KRB-KRN} 30. Kb3 Rg8 31. Ra1 {aiming for Ra8+.} Rg4 {The position is equal.} 32. Ra8+ Kd7 33. Rf8 Rxh4 34. Rxf7+ Kc6 $1 35. Re7 Bh6 36. Nf2 Rf4 37. Nd3 Rxf6 38. Rxh7 Bf8 39. Nxb4+ {Precision: White = 62%, Black = 48%.} 1/2-1/2

[Event "46th GRE-chT Premier 2018"]
[Site "Rio Achaia"]
[Date "2018.07.10"]
[Round "1"]
[White "Sadzikowski, Daniel"]
[Black "Mitsis, Georgios"]
[Result "1-0"]
[WhiteElo "2567"]
[BlackElo "2350"]
[Annotator "ChessBase"]
[PlyCount "87"]
[EventDate "2018.07.10"]
[EventType "team-tourn"]
[EventCountry "GRE"]
[SourceTitle "playchess.com"]
[Source "ChessBase"]
[SourceQuality "1"]
[TimeControl "40/5400+30:1800+30"]

1. Nf3 {[%emt 0:00:00]} Nf6 {[%emt 0:00:00]} 2. g3 {[%emt 0:00:00]} d5 {[%emt 0:00:50]} 3. Bg2 {[%emt 0:00:05]} e6 {[%emt 0:00:35]} 4. O-O {[%emt 0:00:18]} c5 {[%emt 0:00:54]} 5. d4 {[%emt 0:05:25]} cxd4 {[%emt 0:00:35]} 6. b3 {[%emt 0:00:35]} Nc6 {[%emt 0:03:12]} 7. Nxd4 {[%emt 0:00:38]} Bc5 {[%emt 0:08:15]} 8. Nxc6 {[%emt 0:05:01]} bxc6 {[%emt 0:00:08]} 9. Nc3 {[%emt 0:00:15]} O-O {[%emt 0:00:59]} 10. Bb2 {[%emt 0:08:38]} Qe7 {[%emt 0:03:43]} 11. Na4 {[%emt 0:09:39]} Bd6 {[%emt 0:01:49]} 12. c4 {[%emt 0:00:14]} Bb7 {[%emt 0:03:14]} 13. Rc1 {[%emt 0:04:14]} Rfd8 {[%emt 0:10:40]} 14. cxd5 {[%emt 0:11:53]} cxd5 {[%emt 0:00:39]} 15. Qd3 {[%emt 0:00:13]} a5 {[%emt 0:15:06]} 16. Rc2 {[%emt 0:01:22]} Ba6 {[%emt 0:00:38]} 17. Qd2 {[%emt 0:09:40]} Bb5 {[%emt 0:10:32]} 18. Nc3 {[%emt 0:02:39]} Be8 {[%emt 0:10:51]} 19. Rfc1 {[%emt 0:07:43]} h6 {[%emt 0:04:54]} 20. Qd3 {[%emt 0:05:39]} Nd7 {[%emt 0:06:43]} 21. Na4 {[%emt 0:03:55]} Ne5 {[%emt 0:01:59]} 22. Qd4 {[%emt 0:00:31]} f6 {[%emt 0:05:38]} 23. Nb6 {[%emt 0:02:37]} Rab8 {[%emt 0:00:11]} 24. Nc8 {[%emt 0:04:23]} Qd7 {[%emt 0:00:30]} 25. Nxd6 {[%emt 0:00:17]} Qxd6 {[%emt 0:00:05]} 26. f4 {[%emt 0:11:00]} Nf7 {[%emt 0:03:16]} 27. Rc5 {[%emt 0:00:51]} a4 {[%emt 0:00:46]} 28. b4 {[%emt 0:00:56]} Qa6 {[%emt 0:01:07]} 29. e4 {[%emt 0:01:51]} dxe4 {[%emt 0:00:55]} 30. Qxe4 {[%emt 0:00:25]} a3 {[%emt 0:02:05]} 31. Bc3 {[%emt 0:00:38]} Qb6 {[%emt 0:01:18]} 32. Kh1 {[%emt 0:01:24]} Rd6 {[%emt 0:00:11]} 33. Be1 {[%emt 0:00:45]} Rbd8 {[%emt 0:01:16]} 34. Qb7 {[%emt 0:01:02]} Qxb7 {[%emt 0:00:49]} 35. Bxb7 {[%emt 0:00:02]} Rd1 {[%emt 0:01:27]} 36. Kg2 {[%emt 0:01:29]} e5 {[%emt 0:00:12]} 37. Bf3 {[%emt 0:01:04]} Rxc1 {[%emt 0:01:48]} 38. Rxc1 {[%emt 0:00:02]} Bd7 {[%emt 0:00:27]} 39. Rc3 {[%emt 0:01:23]} exf4 {[%emt 0:00:36]} 40. gxf4 {[%emt 0:00:00]} Be6 {[%emt 0:00:00]} 41. Rxa3 {[%emt 0:03:47]} Rd4 {[%emt 0:02:58]} 42. b5 {[%emt 0:01:57]} Bd5 {[%emt 0:18:46]} 43. b6 {[%emt 0:07:01]} Nd6 {[%emt 0:00:18]} 44. Ra7 {[%emt 0:02:45]} 1-0